100 mots aléatoire Harry potter #4 - Statistiques

Statistiques générales
  • Ce quiz a été pris 41 fois
  • Le résultat moyen est 45 sur 100
Statistiques - réponses
Réponses % Correct
l'
94%
le
94%
d'
91%
Harry
91%
Harry.
91%
la
91%
est
88%
Hermione.
85%
il
85%
C'
82%
de
82%
à
79%
A
79%
et
79%
du
73%
ne
73%
—Je
70%
Je...
70%
Mais
70%
Pas
70%
pas
70%
pas,
70%
un
70%
qui
67%
se
64%
—Tu
61%
vous
58%
en
55%
être
55%
Ils
55%
tout.
55%
dit
48%
dit-
48%
te
48%
Rogue
45%
Va
45%
faire
42%
—Si
42%
avait
39%
—Non,
36%
non,
36%
peut-
36%
donc
30%
était
30%
Gryffondor
30%
cette
27%
Neville,
27%
Neville
27%
plus
27%
train
27%
ci,
24%
pouvaient
24%
air
21%
allez
21%
laisserai
21%
perdre
21%
prendre,
21%
bon.
18%
comprends
18%
coucher.
18%
coup
18%
encore
18%
heure-
18%
sortez,
18%
très
18%
permettre
15%
temps.
15%
allant
12%
devant
12%
important.
12%
jeta
12%
oeil
12%
partir,
12%
tenir
12%
Touffu.
12%
aura
9%
décidé
9%
endormir
9%
ennuis.
6%
pendule.
6%
poster
3%
servait
3%
trou
3%
entrée.
0%
Aucun quiz correspondant
Distribution des résultats
% des personnes avec chaque résultat
Percentile par nombre de réponses
Votre historique - résultats
Vous n’avez pas pris ce quiz